| 000 | 00507nam a22001695i 4500 | ||
|---|---|---|---|
| 001 | 52952 | ||
| 003 | ES-MaACL | ||
| 005 | 20230906162656.0 | ||
| 007 | t| | ||
| 008 | 950906s1894 fr ||||1| fre d | ||
| 040 |
_aCAM _bspa _cCAM |
||
| 100 | 1 |
_aDollfus, Lucien. _945034 |
|
| 245 | 1 | 0 |
_aEtudes sur le Moyen Age espagnol / _cLucien Dollfus. |
| 260 |
_aParis : _bErnest Leroux, _c1894 ( _eChalon-sur-Saone : _fimprimerie de L. Marceau) |
||
| 300 |
_a[4], 349, [1] p. ; _c19 cm. |
||
| 852 |
_aES-MaACL _jF-9772 |
||
| 999 |
_c52952 _d52952 |
||